| 000 | 00731nam a2200145 a 4500 | ||
|---|---|---|---|
| 008 | 130319s2012 ||||||||||||||||| || u | ||
| 050 | _aTHESIS/PM | ||
| 100 | _aChapuswike, Justine | ||
| 245 | 1 | 3 |
_aAn assessment of the participatory process of institutions and communities in the management of solid waste disposal sites: a case of Ndola city _cby Justin Chapuswike |
| 260 |
_aKitwe: _bCopperbelt University, School of Business, Department of Postgraduate studies _c2012 |
||
| 300 | _aviii, 131p.: ill. | ||
| 500 | _aBibliography | ||
| 650 | _aSOLID WASTE DISPOSAL SITES--MANAGEMENT-- NDOLA CITY | ||
| 995 |
_FCBU-MAIN LIBRARY (Kitwe) _M1 _UAVAILABLE _WMar 19, 2013 _ZUniversity Collection |
||
| 999 |
_c35151 _d35151 |
||